000 00328nam a22001217a 4500
008 190313b xxu||||| |||| 00| 0 eng d
041 _aeng
080 _a043.3
100 _a0
101 _aMBE-BA
245 _aRaporti i marredhenieve tregtare ne mes Republikes se Kosoves dhe vendeve te rajonit
_cCerkini, A
942 _2udc
_cBK
999 _c54767
_d54767